[Event "Rottach Egern Seniors Cup 9th"]
[Site "Rottach Egern"]
[Date "2021.10.23"]
[Round "2"]
[White "Walter, Mario E"]
[Black "Basener, Winfried"]
[Result "0-1"]
[WhiteElo "1878"]
[BlackElo "2099"]
[PlyCount "148"]
[EventDate "2021.10.22"]
[EventType "swiss"]
[EventRounds "7"]
[EventCountry "GER"]
[SourceTitle "CBM 204 Extra"]
[Source "ChessBase"]
[SourceDate "2021.11.30"]
[SourceVersion "1"]
[SourceVersionDate "2021.11.30"]
[SourceQuality "1"]

1. e4 e6 2. d4 d5 3. exd5 exd5 4. Bd3 Nf6 5. Ne2 Nc6 6. c3 Ne7 7. Nd2 Bf5 8. Qc2 Bxd3 9. Qxd3 c6 10. 0-0 Ng6 11. Re1 Bd6 12. Ng3+ Ne7 13. Nf5 0-0 14. Nxd6 Qxd6 15. Nf1 Rfe8 16. Bg5 Ne4 17. Bxe7 Rxe7 18. Re3 Rae8 19. Rae1 Qf6 20. f3 Nd6 21. Rxe7 Rxe7 22. Rxe7 Qxe7 23. Qe3 Qf6 24. Qe2 h5 25. Ne3 Qe7 26. Kf2 Qh4+ 27. Kf1 Qf6 28. Qd3 g6 29. Qe2 b5 30. b4 Qd8 31. Nd1 Qg5 32. Ne3 Qf6 33. Qd3 Qe7 34. Kf2 Qh4+ 35. Kg1 Qf4 36. g3 Qg5 37. Kf2 Qd8 38. Nc2 Nc4 39. Ne3 Nb6 40. Nd1 Nd7 41. Qe3 Kg7 42. Qf4 Nb6 43. Qe5+ Kg8 44. Ne3 Na4 45. Nd1 Qd7 46. Qb8+ Kg7 47. Qe5+ f6 48. Qb8 Nb6 49. Ne3 Nc8 50. Qf4 Nd6 51. Nd1 Nf7 52. Ne3 Ng5 53. Kg2 Qh3+ 54. Kg1 Qd7 55. Kg2 Nf7 56. h4 Qd6 57. Qxd6 Nxd6 58. Kf2 g5 59. Kg2 Kg6 60. Kh3 Nc8 61. g4 hxg4+ 62. Kxg4 gxh4 63. Kxh4 f5 64. f4 Nd6 65. Nd1 Ne4 66. a3 a6 67. Kh3 Kh5 68. Ne3 Kg6 69. Kh4 Nxc3 70. Nc2 Ne2 71. Ne1 Nxf4 72. Nf3 Kf6 73. Ne5 Ng6+ 74. Nxg6 Kxg6 0-1

[Event "Bad Wiessee Senioren Cup 8th"]
[Site "Bad Wiessee"]
[Date "2019.05.15"]
[Round "5"]
[White "Ryseck, Werner"]
[Black "Walter, Mario E"]
[Result "0-1"]
[WhiteElo "1701"]
[BlackElo "1901"]
[PlyCount "64"]
[EventDate "2019.05.11"]
[EventType "swiss"]
[EventRounds "9"]
[EventCountry "GER"]
[SourceTitle "EXT 2020"]
[Source "ChessBase"]
[SourceDate "2019.10.17"]
[SourceVersion "1"]
[SourceVersionDate "2019.10.17"]
[SourceQuality "1"]

1. Nf3 d5 2. d4 e6 3. e3 c5 4. Bb5+ Nc6 5. b3 Qa5+ 6. Nc3 cxd4 7. Nxd4 Bb4 8. Bd2 Bxc3 9. Bxc3 Qxc3+ 10. Ke2 Bd7 11. a4 Nge7 12. g4 Rc8 13. Rc1 a6 14. Bxc6 Nxc6 15. Qd3 Qxd3+ 16. cxd3 Nxd4+ 17. exd4 Ke7 18. Kd2 Rxc1 19. Rxc1 Rc8 20. Rxc8 Bxc8 21. f3 Kf6 22. h4 a5 23. Ke3 h6 24. f4 Bd7 25. Kf3 Kg6 26. h5+ Kf6 27. Kf2 g6 28. hxg6 fxg6 29. Kf3 h5 30. Kg3 hxg4 31. Kh4 Kf5 32. Kg3 b5 0-1

[Event "GER Liga Q Server-07 email"]
[Site "GER email"]
[Date "2010.08.10"]
[Round "?"]
[White "Memmesheimer, Thomas"]
[Black "Walter, Mario E"]
[Result "0-1"]
[WhiteElo "1576"]
[BlackElo "1560"]
[PlyCount "28"]
[EventDate "2010.08.30"]
[EventType "tourn (corr)"]
[EventRounds "6"]
[EventCountry "GER"]
[SourceTitle "Corr 2013"]
[Source "ChessBase"]
[SourceDate "2012.11.12"]
[SourceVersion "1"]
[SourceVersionDate "2012.11.12"]
[SourceQuality "1"]

1. d4 c6 2. Bf4 d5 3. e3 Nf6 4. Bd3 Bg4 5. f3 Bh5 6. c4 dxc4 7. Bxc4 e6 8. Nc3 Nd5 9. Nge2 Bg6 10. Bg3 Nxe3 11. Qd2 Nxc4 12. Qc1 Be7 13. 0-0 0-0 14. Ne4 Nd6 0-1

[Event "GER Liga Q Server-07 email"]
[Site "GER email"]
[Date "2010.08.10"]
[Round "?"]
[White "Silies, Martin"]
[Black "Walter, Mario E"]
[Result "1/2-1/2"]
[WhiteElo "1495"]
[BlackElo "1560"]
[PlyCount "32"]
[EventDate "2010.08.30"]
[EventType "tourn (corr)"]
[EventRounds "6"]
[EventCountry "GER"]
[SourceTitle "Corr 2013"]
[Source "ChessBase"]
[SourceDate "2012.11.12"]
[SourceVersion "1"]
[SourceVersionDate "2012.11.12"]
[SourceQuality "1"]

1. e4 e6 2. d4 d5 3. Nd2 dxe4 4. Nxe4 Nd7 5. Nf3 Ngf6 6. Bg5 Be7 7. Nxf6+ Bxf6 8. Bxf6 Nxf6 9. Bd3 0-0 10. 0-0 b6 11. c3 Bb7 12. Re1 Rc8 13. Qc2 c5 14. dxc5 Rxc5 15. Rad1 Bxf3 16. gxf3 Qe7 1/2-1/2

[Event "GER OS-135 email"]
[Site "GER email"]
[Date "2010.07.01"]
[Round "?"]
[White "Walter, Mario E"]
[Black "Schanzenbaecher, Mario"]
[Result "0-1"]
[WhiteElo "1560"]
[BlackElo "1674"]
[PlyCount "50"]
[EventDate "2010.07.07"]
[EventType "tourn (corr)"]
[EventRounds "6"]
[EventCountry "GER"]
[SourceTitle "Corr 2013"]
[Source "ChessBase"]
[SourceDate "2012.11.12"]
[SourceVersion "1"]
[SourceVersionDate "2012.11.12"]
[SourceQuality "1"]

1. d4 Nf6 2. c4 e6 3. Nc3 Bb4 4. a3 Bxc3+ 5. bxc3 c5 6. f3 Nc6 7. e4 d6 8. Ne2 0-0 9. Be3 Na5 10. Ng3 b6 11. Bd3 Ba6 12. Qe2 Nd7 13. 0-0 Rc8 14. Rac1 Qc7 15. f4 cxd4 16. cxd4 Bxc4 17. e5 d5 18. f5 Nb3 19. Qh5 Nxc1 20. f6 Bxd3 21. fxg7 Bxf1 22. gxf8Q+ Nxf8 23. Qg5+ Ng6 24. Nh5 Qc2 25. Nf6+ Kh8 0-1